<?xml version="1.0" encoding="UTF-8"?>
<collection xmlns="http://www.loc.gov/MARC21/slim">
 <record>
  <leader>01705cam a2200385  c4500</leader>
  <controlfield tag="001">1076446612</controlfield>
  <controlfield tag="003">DE-627</controlfield>
  <controlfield tag="005">20240329184219.0</controlfield>
  <controlfield tag="007">tu</controlfield>
  <controlfield tag="008">850101s1976    xx |||||      00| ||eng c</controlfield>
  <datafield tag="020" ind1=" " ind2=" ">
   <subfield code="a">0691035431</subfield>
   <subfield code="9">0-691-03543-1</subfield>
  </datafield>
  <datafield tag="035" ind1=" " ind2=" ">
   <subfield code="a">(DE-627)1076446612</subfield>
  </datafield>
  <datafield tag="035" ind1=" " ind2=" ">
   <subfield code="a">(DE-576)006446612</subfield>
  </datafield>
  <datafield tag="035" ind1=" " ind2=" ">
   <subfield code="a">(DE-599)BSZ006446612</subfield>
  </datafield>
  <datafield tag="035" ind1=" " ind2=" ">
   <subfield code="a">(OCoLC)310464175</subfield>
  </datafield>
  <datafield tag="040" ind1=" " ind2=" ">
   <subfield code="a">DE-627</subfield>
   <subfield code="b">ger</subfield>
   <subfield code="c">DE-627</subfield>
   <subfield code="e">rakwb</subfield>
  </datafield>
  <datafield tag="041" ind1=" " ind2=" ">
   <subfield code="a">eng</subfield>
  </datafield>
  <datafield tag="084" ind1=" " ind2=" ">
   <subfield code="a">9,10</subfield>
   <subfield code="a">1</subfield>
   <subfield code="2">ssgn</subfield>
  </datafield>
  <datafield tag="245" ind1="1" ind2="4">
   <subfield code="a">The monastery of Saint Catherine at Mount Sinai</subfield>
   <subfield code="p">The icons / Kurt Weitzmann</subfield>
   <subfield code="n">1</subfield>
   <subfield code="p">From the sixth to the tenth century</subfield>
   <subfield code="c">University of Alexandria ... Kurt Weitzmann, ed.</subfield>
  </datafield>
  <datafield tag="264" ind1=" " ind2="1">
   <subfield code="a">Princeton</subfield>
   <subfield code="b">Princeton University Press</subfield>
   <subfield code="c">1976</subfield>
  </datafield>
  <datafield tag="300" ind1=" " ind2=" ">
   <subfield code="a">XVII, 107 S., 61 Bl.</subfield>
   <subfield code="b">zahlr. Ill.</subfield>
  </datafield>
  <datafield tag="336" ind1=" " ind2=" ">
   <subfield code="a">Text</subfield>
   <subfield code="b">txt</subfield>
   <subfield code="2">rdacontent</subfield>
  </datafield>
  <datafield tag="337" ind1=" " ind2=" ">
   <subfield code="a">ohne Hilfsmittel zu benutzen</subfield>
   <subfield code="b">n</subfield>
   <subfield code="2">rdamedia</subfield>
  </datafield>
  <datafield tag="338" ind1=" " ind2=" ">
   <subfield code="a">Band</subfield>
   <subfield code="b">nc</subfield>
   <subfield code="2">rdacarrier</subfield>
  </datafield>
  <datafield tag="583" ind1="1" ind2=" ">
   <subfield code="a">Archivierung/Langzeitarchivierung gewährleistet</subfield>
   <subfield code="f">SSG</subfield>
   <subfield code="2">pdager</subfield>
   <subfield code="5">DE-21</subfield>
  </datafield>
  <datafield tag="583" ind1="1" ind2=" ">
   <subfield code="a">Archivierung/Langzeitarchivierung gewährleistet</subfield>
   <subfield code="f">SSG</subfield>
   <subfield code="x">XA-DE-BW</subfield>
   <subfield code="2">pdager</subfield>
   <subfield code="5">DE-16</subfield>
  </datafield>
  <datafield tag="700" ind1="1" ind2=" ">
   <subfield code="a">Weitzmann, Kurt</subfield>
   <subfield code="d">1904-1993</subfield>
   <subfield code="0">(DE-588)119196794</subfield>
   <subfield code="0">(DE-627)079994652</subfield>
   <subfield code="0">(DE-576)211595446</subfield>
   <subfield code="4">oth</subfield>
  </datafield>
  <datafield tag="773" ind1="1" ind2="8">
   <subfield code="w">(DE-627)1076154271</subfield>
   <subfield code="w">(DE-576)006154271</subfield>
   <subfield code="g">The icons ; 1</subfield>
   <subfield code="q">weit,1</subfield>
   <subfield code="7">nnnm</subfield>
  </datafield>
  <datafield tag="787" ind1="0" ind2="8">
   <subfield code="i">Rezension</subfield>
   <subfield code="a">Onasch, Konrad, 1916 - 2007</subfield>
   <subfield code="t">From the sixth to the tenth century</subfield>
   <subfield code="d">1980</subfield>
   <subfield code="w">(DE-627)144583345X</subfield>
   <subfield code="w">(DE-576)375833455</subfield>
  </datafield>
  <datafield tag="787" ind1="0" ind2="8">
   <subfield code="i">Rezensiert in</subfield>
   <subfield code="a">Belting, Hans, 1935 - 2023</subfield>
   <subfield code="t">[Rezension von: Kurt Weitzmann, The monastery of St. Catherine at Mt. Sinai, Bd. 1, The icons]</subfield>
   <subfield code="d">1979</subfield>
   <subfield code="w">(DE-627)1839563192</subfield>
  </datafield>
  <datafield tag="889" ind1=" " ind2=" ">
   <subfield code="w">(DE-576)484358332</subfield>
  </datafield>
  <datafield tag="935" ind1=" " ind2=" ">
   <subfield code="a">mteo</subfield>
  </datafield>
  <datafield tag="951" ind1=" " ind2=" ">
   <subfield code="a">MV</subfield>
  </datafield>
  <datafield tag="991" ind1=" " ind2=" ">
   <subfield code="a">Rezensiertes Werk</subfield>
  </datafield>
  <datafield tag="999" ind1=" " ind2=" ">
   <subfield code="a">KXP-PPN1076446612</subfield>
   <subfield code="e">4370376106</subfield>
  </datafield>
 </record>
</collection>
